| 000 | 00763nam a22002297a 4500 | ||
|---|---|---|---|
| 003 | 0 | ||
| 005 | 20251028112158.0 | ||
| 008 | 251028b xxu||||| |||| 00| 0 eng d | ||
| 020 | _a978-1-83683-093-1 | ||
| 050 |
_aG 156.5.I53 _b.Qu56 2025 |
||
| 100 |
_aQuinn, Emilia, _eauthor. |
||
| 245 |
_aInnovation strategies and organizational culture in tourism : _bconcepts / _cEmilia Quinn. |
||
| 250 | _aFirst edition. | ||
| 260 |
_aLondon, UK : _bVintage Press Ltd, _c2025. |
||
| 300 |
_aix, 280 pages : _bcolored illustrations ; _c24 cm. |
||
| 504 | _aIncludes bibliographical references and index. | ||
| 650 |
_aTourism _xManagement. |
||
| 650 | _aOrganizational behavior. | ||
| 650 | _aCorporate culture. | ||
| 650 | _aInnovation management. | ||
| 942 |
_2lcc _cBK |
||
| 999 |
_c368370 _d368370 |
||